000 00808nam a2200241 a 4500
001 000006727
003 DO-SdBNP
005 20211124102122.0
008 090902s1995 dr 000 0 spa d
040 _aDO-SdBNP
_bspa
_cBNPHU
082 4 _a468
_bA325e
_222
100 1 _aAlba, Orlando
_916502
245 1 3 _aEl español dominicano dentro del contexto americano /
_cOrlando Alba.
260 _aSanto Domingo, :
_bLibrería La Trinidad,
_c1995.
300 _a168 p. ;
_c23 cm.
500 _aIncluye referencias bibliográficas
500 _aIncluye datos bibliográficos
590 _aInventariado, 2018/VM
650 4 _aEspañol
_xDialectos
_zCaribe (Región)
_918731
650 4 _aEspañol
_xDialectos
_zRepública Dominicana
_918732
650 4 _aEspañol
_xDialectos
_zAmérica
_918733
942 _2ddc
_cLBS1
999 _c6516
_d6516